Enciclopedia Larousse (Registro nro. 11541)

Detalles MARC
000 -CABECERA
Longitud fija campo de control 01096nam a2200193 a 4500
003 - • IDENTIFICADOR DELl NÚMERO DE CONTROL
Identificador del número de control CO-ViMGA
008 - • CÓDIGOS DE INFORMACIÓN DE LONGITUD FIJA
Códigos de información de longitud fija 141112s2004 ck r 000 u spa d
020 ## - • NÚMERO INTERNACIONAL NORMALIZADO PARA LIBROS
Número Internacional Normalizado para Libros (ISBN) 8489898804
040 ## - FUENTE DE LA CATALOGACIÓN
Centro catalogador de origen CO-ViMGA
Lengua de catalogación spa
Centro transcriptor CO-ViMGA
082 ## - • NÚMERO DE LA CLASIFICACIÓN DECIMAL DEWEY
Número de clasificación (R) R036 E524
245 10 - • TITULO PROPIAMENTE DICHO
Título Enciclopedia Larousse
300 ## - • DESCRIPCIÓN FÍSICA
Extensión 12 Vol. - Apendice
505 ## - • NOTA DE CONTENIDO CON FORMATO
Nota de contenido con formato APENDICE : Imagenes del año - Panorama internacional - Economía - Cultura - Sociedad - Ciencia y tecnica - Medio ambiente - Deportes - Personajes del año - Premios - Estadisticas - Paises del mundo VOL (1) : a/avergonzar VOL (2) : averia / castilla VOL (3) : castilla / David VOL (4) : David / estomocordado VOL (5) : Estonia / Guajira VOL (6) : Guajira / Johannes VOL (7) : Johannesbrugo / Marne VOL (8) : Marnia / O'Connor VOL (9) : Ocosingo / Prohibición VOL (10) : Prohibicionismo / Schwarse VOL (11) : Schwarzenberg / Tortelier VOL (12) : Tortera / Zydeco
590 ## - NOTAS LOCALES
Nota local Forma de adquisición : Premio - Mincultura
650 14 - • PUNTO DE ACCESO ADICIONAL DE MATERIA - TÉRMINO DE MATERIA
Término de materia o nombre geográfico como elemento inicial ENCICLOPEDIAS Y DICCIONARIOS
942 ## - ENTRADA DE ELEMENTOS AGREGADOS (KOHA)
Fuente de clasificaión o esquema Dewey Decimal Classification
Koha [por defecto] tipo de item LIbro

No hay ítems disponibles.










Instituto Departamental de Cultura del Meta - Red Departamental de Bibliotecas Públicas del Meta.